00563nam a2200193Ia 4500008004100000020000700041082001400048100001800062245002300080250000700103260005200110300002400162500000700186600003300193650001300226942000700239952010800246999001500354240925s9999 xx 000 0 und d aNA a297.5 ALG aAlghazali, M- 0aMuslims Character  aNA aRiyadh:bWorld Assembly of Muslim Youthc,1993. a240p.bNAfOriginal aNA aHumanities & Natural Science aReligion cBK 011040708HUMaUITUbUITUd2002-04-17eGiftl0o297.5 ALGpQ4319r2024-09-25 07:13:28w2024-09-25yBK c6818d6818